| 000 | 00668cam a2200181 a 4500 | ||
|---|---|---|---|
| 020 | _a0309039088 | ||
| 082 | 0 | 0 |
_a629.28733068 _bNAT _cD |
| 245 | 0 | 0 | _aWinter and transit bus maintenance and highway maintenance management. |
| 260 |
_aWashington, D.C. : _bTransportation Research Board, National Research Council, _c1985. |
||
| 300 |
_aiv, 98 p. : _bill. ; _c28 cm. |
||
| 526 |
_a0 _b0 _c0 _d629_287330680000000_NAT |
||
| 650 | 0 |
_aBuses _xMaintenance and repair. _938328 |
|
| 650 | 0 |
_aMCE _9379 |
|
| 650 | 0 |
_aRoads _xMaintenance and repair. _919609 |
|
| 650 | 0 |
_aRoads _xSnow and ice control. _921203 |
|
| 710 | 2 |
_aNational Research Council (U.S.). _920017 |
|
| 942 |
_2ddc _cBK |
||
| 999 |
_c548334 _d548334 |
||